Enhancing government accountability : a program for evaluating accounting controls and improving public reporting.

Bibliographic Details
Corporate Author: Price Waterhouse (Firm)
Format: Book
Language:English
Published: New York : Price Waterhouse, [1983]
Edition:[Special ed.].
Subjects:

MARC

Tag First Indicator Second Indicator Subfields
LEADER 00000cam a2200000 a 4500
001 in00002180213
005 20151104062947.0
008 850221s1983 nyu 000 0 eng d
035 |a (OCoLC)ocm11716414 
040 |a IGA  |c IGA  |d PIT  |d TXA  |d UtOrBLW 
043 |a n-us--- 
049 |a TXAM 
090 |a HF5668.25  |b .E54 1983 
092 |a 657.835  |b E58, 1983 
245 0 0 |a Enhancing government accountability :  |b a program for evaluating accounting controls and improving public reporting. 
250 |a [Special ed.]. 
264 1 |a New York :  |b Price Waterhouse,  |c [1983] 
264 4 |c ©1983 
300 |a 115 pages ;  |c 28 cm. 
336 |a text  |b txt  |2 rdacontent 
337 |a unmediated  |b n  |2 rdamedia 
338 |a volume  |b nc  |2 rdacarrier 
650 0 |a Auditing, Internal  |z United States. 
650 0 |a Finance, Public  |z United States  |x Accounting. 
710 2 |a Price Waterhouse (Firm) 
948 |a cataloged  |b h  |c 2006/8/9  |d c  |e dmitchel  |f 10:50:40 am 
994 |a C0  |b TXA 
999 |a MARS 
999 f f |s 9a2ba290-9ce6-3077-b980-c74545aab231  |i 3d58b2c9-0b73-3d4b-b785-60894791ce00  |t 0 
952 f f |p ric  |a Texas A&M University  |b Rellis Campus  |c Joint Library Facility  |d Remote Storage  |t 0  |e HF5668.25 .E54 1983  |h Library of Congress classification  |i unmediated -- volume  |m A14834579339 
998 f f |a HF5668.25 .E54 1983  |t 0  |l Remote Storage